[Event "31st Cappelle Open 2015"]
[Site "Cappelle la Grande FRA"]
[Date "2015.03.06"]
[Round "8.6"]
[White "Gabrielian, Artur"]
[Black "Vovk, Andrey"]
[Result "1/2-1/2"]
[WhiteTitle "GM"]
[BlackTitle "GM"]
[WhiteElo "2551"]
[BlackElo "2642"]
[WhiteFideId "4131002"]
[BlackFideId "14114470"]
[EventDate "2015.02.28"]

1. e4 c5 2. c3 Nf6 3. e5 Nd5 4. Bc4 Nb6 5. Bb3 c4 6. Bc2 Nc6 7. Nf3 Qc7 8. O-O
Nxe5 9. Nxe5 Qxe5 10. Re1 Qc7 11. a4 e6 12. d3 cxd3 13. Qxd3 Be7 14. Na3 a6 15.
a5 Nd5 16. Nc4 b5 17. axb6 Nxb6 18. Nxb6 Qxb6 19. Be3 Qc7 20. Bd4 Kf8 21. b4 Bb7
22. b5 axb5 23. Qxb5 f6 24. Ba4 Bc6 25. Qc4 Qa5 26. Bxc6 Qxa1 27. Qf1 Qxe1 28.
Qxe1 dxc6 29. g3 Kf7 30. Qe2 g6 31. Qc4 c5 32. Be3 h5 33. h4 Ra3 34. Kg2 Rc8 35.
Bc1 Ra7 36. Qf4 Bf8 37. Be3 Ra3 38. Qe4 Rc7 39. c4 Ra2 40. Qb1 Ra8 41. Qb6 Rac8
42. Bf4 Rd7 43. Qa6 Rcd8 44. Be3 Bd6 45. Qb6 Rc8 46. Qa6 Rcc7 47. Qa8 Bf8 48.
Qb8 Ra7 49. Qc8 Rdc7 50. Qd8 Rcb7 51. Qc8 Rb2 52. Bxc5 Bxc5 53. Qxc5 Rd7 54. Qc8
Rdd2 55. Qc7+ Kf8 56. Qc8+ Kg7 57. Qc7+ Kh6 58. Qf4+ Kg7 59. Qc7+ Kh6 1/2-1/2

[Event "31st Cappelle Open 2015"]
[Site "Cappelle la Grande FRA"]
[Date "2015.03.06"]
[Round "8.7"]
[White "Azarov, Sergei"]
[Black "Rychagov, Andrey"]
[Result "1/2-1/2"]
[WhiteTitle "GM"]
[BlackTitle "GM"]
[WhiteElo "2635"]
[BlackElo "2550"]
[WhiteFideId "13501470"]
[BlackFideId "4119932"]
[EventDate "2015.02.28"]

1. e4 e6 2. d4 d5 3. Nd2 c5 4. Ngf3 Nc6 5. Bb5 cxd4 6. Nxd4 Bd7 7. Nxc6 Bxc6 8.
Bxc6+ bxc6 9. c4 Be7 10. Qa4 Qd7 11. O-O Rb8 12. Rd1 Rb4 13. Qc2 Nf6 14. b3 Rb7
15. Bb2 O-O 16. Rac1 Qe8 17. Qd3 Qb8 18. e5 Nd7 19. Nf3 a5 20. Ba1 a4 21. bxa4
Qa8 22. Qc2 Ra7 23. cxd5 cxd5 24. Qc6 Ba3 25. Rc2 Qxc6 26. Rxc6 Rb8 27. h4 h6
28. Bd4 Rxa4 29. Rc7 Nf8 30. Rd3 Ng6 31. g3 Bf8 32. Rb3 Rba8 33. Rbb7 Ne7 34.
Rxe7 Bxe7 35. Rxe7 Rxa2 36. Be3 R2a4 37. Rd7 Re4 38. h5 Rc8 39. Kg2 Ra8 40. Kh3
Rc8 41. g4 Ra8 42. g5 hxg5 43. Nxg5 Rxe5 44. h6 gxh6 45. Nxf7 Rxe3+ 46. fxe3 Ra3
47. Nxh6+ Kf8 48. Ng4 Ke8 49. Rh7 d4 50. Kg3 dxe3 51. Kf3 e2+ 52. Kxe2 Rg3 53.
Ne5 Kf8 54. Rf7+ Ke8 55. Ra7 Kf8 56. Nd7+ Ke8 57. Nc5 Rc3 58. Nd3 Kd8 59. Ke3
Rc7 60. Ra6 Ke7 61. Nf4 Rc4 62. Nxe6 Rb4 63. Nd4 Rb1 64. Ke4 Re1+ 65. Kd5 Rd1
66. Re6+ Kf7 67. Re4 Kf6 68. Rf4+ Kg5 69. Rf2 Kg6 70. Ke5 Re1+ 71. Ne2 Kg7 72.
Ke6 Ra1 73. Rg2+ Kf8 74. Nf4 Ra6+ 75. Ke5 Kf7 76. Nd5 Ra1 77. Rf2+ Kg7 78. Rb2
Ra5 79. Ke6 Ra1 80. Kf5 Ra7 81. Rb5 Rf7+ 82. Kg5 Ra7 83. Rb6 Kf7 84. Kf5 Kg7 85.
Rb5 Rf7+ 86. Kg5 Ra7 87. Nf4 Kf7 88. Kf5 Ke7 89. Ke5 Kf7 1/2-1/2

[Event "31st Cappelle Open 2015"]
[Site "Cappelle la Grande FRA"]
[Date "2015.03.06"]
[Round "8.8"]
[White "Gao, Rui"]
[Black "Vidit, Santosh Gujrathi"]
[Result "1/2-1/2"]
[WhiteTitle "GM"]
[BlackTitle "GM"]
[WhiteElo "2533"]
[BlackElo "2617"]
[WhiteFideId "8602387"]
[BlackFideId "5029465"]
[EventDate "2015.02.28"]

1. e4 c6 2. d4 d5 3. Nc3 dxe4 4. Nxe4 Nd7 5. Nf3 Ngf6 6. Nc3 Nb6 7. Be2 Bf5 8.
O-O g6 9. Bg5 Bg7 10. Re1 O-O 11. h3 Nbd5 12. Nxd5 cxd5 13. c3 Qd6 14. Bh4 Ne4
15. Nd2 e5 16. Nxe4 dxe4 17. dxe5 Qxe5 18. Bc4 b5 19. Bd5 Rae8 20. Bg3 Qf6 21.
Bd6 Rd8 22. Bxf8 Bxf8 23. Qb3 Bc5 24. Rad1 Bxh3 25. Qc2 Bxg2 26. Kxg2 Qf3+ 27.
Kf1 Qh3+ 28. Ke2 Qf3+ 29. Kf1 Qh3+ 30. Ke2 Qf3+ 1/2-1/2

[Event "31st Cappelle Open 2015"]
[Site "Cappelle la Grande FRA"]
[Date "2015.03.06"]
[Round "8.9"]
[White "Djukic, Nikola"]
[Black "Fier, Alexandr"]
[Result "0-1"]
[WhiteTitle "GM"]
[BlackTitle "GM"]
[WhiteElo "2529"]
[BlackElo "2612"]
[WhiteFideId "922412"]
[BlackFideId "2107139"]
[EventDate "2015.02.28"]

1. e4 c5 2. Nf3 e6 3. d4 cxd4 4. Nxd4 Nc6 5. Nc3 a6 6. Be2 d6 7. O-O Nf6 8. Be3
Be7 9. f4 O-O 10. Kh1 Bd7 11. a4 Rc8 12. Bf3 Na5 13. Qe1 Nc4 14. Bc1 Qb6 15.
Nde2 Qc7 16. b3 Na5 17. Qg3 Nc6 18. Ba3 e5 19. Nd1 Rfe8 20. Bb2 Nb4 21. fxe5
dxe5 22. Bxe5 Qxc2 23. Ne3 Qxb3 24. Nd5 Nbxd5 25. exd5 Bd8 26. Rfb1 Qe3 27. Bd4
Qd3 28. Be5 Rc2 29. Rxb7 g6 30. Nd4 Ra2 31. Rg1 Qe3 32. Rb8 Rxe5 33. Rxd8+ Kg7
34. Nc6 Rf5 35. Qd6 Be8 36. Rf1 Ne4 37. Rxe8 Nf2+ 0-1

[Event "31st Cappelle Open 2015"]
[Site "Cappelle la Grande FRA"]
[Date "2015.03.06"]
[Round "8.10"]
[White "L'Ami, Erwin"]
[Black "Blomqvist, Erik"]
[Result "1/2-1/2"]
[WhiteTitle "GM"]
[BlackTitle "GM"]
[WhiteElo "2606"]
[BlackElo "2521"]
[WhiteFideId "1007998"]
[BlackFideId "1709437"]
[EventDate "2015.02.28"]

1. d4 d5 2. c4 c6 3. Nf3 Nf6 4. Nc3 dxc4 5. a4 Bf5 6. e3 e6 7. Bxc4 Bb4 8. O-O
Nbd7 9. Qe2 Bg6 10. e4 Bxc3 11. bxc3 Nxe4 12. Ba3 Qc7 13. a5 Qxa5 14. Rfe1 Qc7
15. Nd2 Ndf6 16. Nxe4 Bxe4 17. Bb3 b5 18. c4 bxc4 19. Bxc4 a5 20. Rac1 Kd7 21.
Qd2 h6 22. d5 Bxd5 23. Bb5 Kc8 24. Bxc6 Bxc6 25. Rxc6 Qxc6 26. Rc1 Ra6 27. Rxc6+
Rxc6 28. Qxa5 Rd8 29. h3 Nd5 30. Qa8+ Kd7 31. Qb7+ Nc7 32. Qb4 Nd5 33. Qb7+ Nc7
34. Qb4 Nd5 35. Qb7+ Nc7 1/2-1/2

[Event "31st Cappelle Open 2015"]
[Site "Cappelle la Grande FRA"]
[Date "2015.03.06"]
[Round "8.11"]
[White "Mareco, Sandro"]
[Black "Arizmendi Martinez, Julen Luis"]
[Result "1/2-1/2"]
[WhiteTitle "GM"]
[BlackTitle "GM"]
[WhiteElo "2598"]
[BlackElo "2522"]
[WhiteFideId "112275"]
[BlackFideId "2205092"]
[EventDate "2015.02.28"]

1. c4 Nf6 2. Nf3 g6 3. Nc3 Bg7 4. d4 d6 5. e4 O-O 6. Be2 e5 7. O-O exd4 8. Nxd4
Re8 9. f3 c6 10. Kh1 Nbd7 11. Bg5 Qb6 12. Nb3 a5 13. Qd2 a4 14. Be3 Qd8 15. Nd4
Nc5 16. Rad1 Nfd7 17. Rfe1 Qe7 18. Bf1 Qf8 19. Nde2 Ne5 20. Ng3 Be6 21. Qxd6 b6
22. f4 Nxc4 23. Bxc4 Qxd6 24. Rxd6 Bxc4 25. e5 Nd3 1/2-1/2

[Event "31st Cappelle Open 2015"]
[Site "Cappelle la Grande FRA"]
[Date "2015.03.06"]
[Round "8.12"]
[White "Burmakin, Vladimir"]
[Black "Libiszewski, Fabien"]
[Result "1-0"]
[WhiteTitle "GM"]
[BlackTitle "GM"]
[WhiteElo "2581"]
[BlackElo "2518"]
[WhiteFideId "4105109"]
[BlackFideId "616834"]
[EventDate "2015.02.28"]

1. Nf3 Nf6 2. c4 g6 3. b3 Bg7 4. Bb2 O-O 5. g3 d6 6. d4 c5 7. Bg2 Qa5+ 8. Bc3
Qc7 9. d5 e6 10. dxe6 Bxe6 11. O-O Nc6 12. Qc1 Qe7 13. Nbd2 d5 14. cxd5 Bxd5 15.
e4 Nxe4 16. Nxe4 Qxe4 17. Bxg7 Kxg7 18. Qxc5 b6 19. Qc3+ Kg8 20. Rfd1 Rad8 21.
Rac1 Nb4 22. Re1 Nxa2 23. Qb2 Qxf3 24. Bxf3 Nxc1 25. Qc3 Na2 26. Qf6 Bxf3 27.
Qxf3 Nb4 28. Qb7 Nd3 29. Re3 Nc5 30. Qxa7 Rd6 31. Qc7 Rfd8 32. Re7 Ne6 33. Qa7
Rf8 34. Rb7 Ng5 35. Rxb6 Rd2 36. Rb8 Nh3+ 37. Kg2 Nxf2 38. Rxf8+ Kxf8 39. Qc5+ 1-0

[Event "31st Cappelle Open 2015"]
[Site "Cappelle la Grande FRA"]
[Date "2015.03.07"]
[Round "9.3"]
[White "Fier, Alexandr"]
[Black "Kotronias, Vasilios"]
[Result "1/2-1/2"]
[WhiteTitle "GM"]
[BlackTitle "GM"]
[WhiteElo "2612"]
[BlackElo "2565"]
[WhiteFideId "2107139"]
[BlackFideId "5900212"]
[EventDate "2015.02.28"]

1. d4 Nf6 2. c4 g6 3. Nc3 Bg7 4. e4 d6 5. Be2 O-O 6. Bg5 c5 7. d5 h6 8. Bf4 e6
9. dxe6 Bxe6 10. Qd2 Qb6 11. Nf3 Nc6 12. O-O Nd4 13. Nxd4 cxd4 14. Nd5 Bxd5 15.
exd5 Ne4 16. Qc2 Nc5 17. Bd3 a5 18. b3 a4 19. Rab1 axb3 20. axb3 Ra3 21. Rfd1
Rd8 22. b4 Nxd3 23. Rxd3 Rc3 24. Rxc3 dxc3 25. Be3 Qa6 26. Qb3 Ra8 27. g3 Qa2
28. Qxa2 Rxa2 29. c5 Rb2 30. Ra1 Rxb4 31. Ra8+ Kh7 32. cxd6 Bf6 33. d7 c2 34.
Rc8 Rb1+ 35. Kg2 Rd1 36. Rc5 Kg7 37. Kf3 Be7 38. Rc7 Rxd5 39. Ke4 Rd6 40. g4 b5
41. Rxc2 Rxd7 42. Rc6 Rb7 43. Bd4+ f6 44. f4 b4 45. g5 hxg5 46. fxg5 Kf7 47.
gxf6 Bf8 48. Kd3 b3 1/2-1/2

[Event "31st Cappelle Open 2015"]
[Site "Cappelle la Grande FRA"]
[Date "2015.03.07"]
[Round "9.4"]
[White "Bachmann, Axel"]
[Black "Nevednichy, Vladislav"]
[Result "0-1"]
[WhiteTitle "GM"]
[BlackTitle "GM"]
[WhiteElo "2601"]
[BlackElo "2557"]
[WhiteFideId "3700488"]
[BlackFideId "1205730"]
[EventDate "2015.02.28"]

1. Nf3 Nf6 2. c4 g6 3. Nc3 Bg7 4. e4 d6 5. d4 O-O 6. h3 e5 7. d5 a5 8. Be3 Na6
9. g4 Nd7 10. a3 Nac5 11. g5 f5 12. Nd2 Na6 13. exf5 gxf5 14. f3 Ndc5 15. h4 Qe7
16. Nb3 a4 17. Nd2 Bd7 18. Qc2 e4 19. f4 Nd3+ 20. Bxd3 exd3 21. Qxd3 Nc5 22. Qe2
Rfe8 23. Rh3 b5 24. cxb5 Qf7 25. Qc4 Rab8 26. O-O-O Ne4 27. Bd4 Nxc3 28. Qxc3
Rxb5 29. Bxg7 Rc5 30. Qxc5 dxc5 31. Be5 Qxd5 32. Rc3 Qa2 33. Rxc5 Be6 34. Nb1
Qb3 35. Nc3 Rb8 36. Rd2 Qb7 37. Rxc7 Qh1+ 38. Nd1 Qxh4 39. g6 hxg6 40. Rcc2 Rc8
41. Rxc8+ Bxc8 42. Nc3 Be6 43. Nxa4 Bb3 44. Nc3 g5 45. Nd1 g4 46. Rd3 Bxd1 47.
Rxd1 Qf2 48. Rd2 g3 49. Kc2 Kf7 50. b4 Qe3 51. Rd3 Qe4 52. b5 Qc4+ 53. Kd2 Qa2+
54. Kc3 g2 55. Bd4 Qxa3+ 56. Kc4 Qa4+ 57. Kc3 Qxb5 58. Rg3 Qf1 59. Rg7+ Ke6 60.
Be3 Qa1+ 0-1

[Event "31st Cappelle Open 2015"]
[Site "Cappelle la Grande FRA"]
[Date "2015.03.07"]
[Round "9.5"]
[White "Gopal, G.N."]
[Black "Dragun, Kamil"]
[Result "1/2-1/2"]
[WhiteTitle "GM"]
[BlackTitle "GM"]
[WhiteElo "2575"]
[BlackElo "2558"]
[WhiteFideId "5015693"]
[BlackFideId "1134167"]
[EventDate "2015.02.28"]

1. e4 c6 2. d4 d5 3. e5 Bf5 4. Nf3 e6 5. Be2 Nd7 6. O-O Ne7 7. Nbd2 c5 8. c4
cxd4 9. Nxd4 Nxe5 10. cxd5 Qxd5 11. Qa4+ N7c6 12. N2f3 Bd3 13. Bxd3 Nxf3+ 14.
Nxf3 Qxd3 15. Be3 Be7 16. Ne5 Qd5 17. Nxc6 bxc6 18. Rac1 Qb5 19. Qxb5 cxb5 20.
Rc7 Bd6 21. Rb7 O-O 22. Rxb5 Rfb8 23. Rxb8+ Rxb8 24. Rc1 Kf8 25. b3 a5 26. Rc4
Ke7 27. Kf1 Rb5 28. Ke2 g5 29. h4 h6 30. hxg5 hxg5 31. g4 Kf6 32. Kd3 Kg6 33.
Rc8 Rd5+ 34. Ke4 Re5+ 35. Kd3 Rd5+ 36. Ke4 Re5+ 37. Kf3 Rb5 38. Ra8 Bb4 39. Rd8
Bc3 40. Rg8+ Kf6 41. Rc8 Bb2 42. Rc2 Ba3 43. Rc4 Bd6 44. Ke2 Kg6 45. Rc8 Rd5 46.
Rd8 Kf6 47. Rd7 Kg6 48. Rd8 Kf6 49. Kf3 Ke7 50. Ra8 Rb5 51. Ra6 Rd5 52. a4 Kf6
53. Ke4 Re5+ 54. Kd3 Rd5+ 55. Ke4 Re5+ 56. Kf3 Rd5 57. Ke4 1/2-1/2

[Event "31st Cappelle Open 2015"]
[Site "Cappelle la Grande FRA"]
[Date "2015.03.07"]
[Round "9.6"]
[White "Sandipan, Chanda"]
[Black "Kulaots, Kaido"]
[Result "1/2-1/2"]
[WhiteTitle "GM"]
[BlackTitle "GM"]
[WhiteElo "2574"]
[BlackElo "2558"]
[WhiteFideId "5004225"]
[BlackFideId "4500261"]
[EventDate "2015.02.28"]

1. d4 Nf6 2. Nf3 g6 3. Bf4 Bg7 4. c3 d6 5. h3 O-O 6. Nbd2 b6 7. e3 Bb7 8. Be2 c5
9. O-O Nbd7 10. a4 a6 11. Re1 Ne4 12. Nxe4 Bxe4 13. Nd2 Bb7 14. Bf3 Qc7 15. Rc1
b5 16. b4 c4 17. Bg5 Rfe8 18. Bxb7 Qxb7 19. e4 e5 20. d5 f5 21. exf5 gxf5 22.
Nf1 Nb6 23. a5 Nxd5 24. Qd2 Re6 25. Red1 Nc7 26. Ne3 Rf8 27. Nd5 Nxd5 28. Qxd5
Qxd5 29. Rxd5 Rc8 30. Be3 Kf7 31. Rcd1 Rc6 32. f4 Ke7 33. Kf2 exf4 34. Bd4 Be5
35. Bxe5 dxe5 36. Rd7+ Kf6 37. Kf3 Re7 38. Rd8 Ke6 39. R1d2 Rg7 40. Re8+ Kf6 41.
Rf8+ Kg5 42. Rd5 Re6 43. Kf2 Rgg6 44. Rf7 h6 45. Rf8 Rgf6 46. Rg8+ Kh5 47. Kf3
Rg6 48. Rf8 Rg3+ 49. Kf2 Re3 50. Rb8 Rd3 51. Rc5 Rxc3 52. Rb6 Rc2+ 53. Kf3 Rc3+
54. Kf2 Rg6 55. Rxe5 Rc2+ 56. Kf3 Rcxg2 57. Rxf5+ R2g5 58. Kxf4 Rxf5+ 59. Kxf5
Rg3 60. Rxa6 Rb3 61. Rb6 Rxb4 62. a6 Ra4 63. Rxb5 Rxa6 64. Rc5 Ra4 65. Rc6 Ra3
66. Rxc4 Rxh3 67. Rf4 Ra3 68. Rf1 Kh4 69. Rh1+ Rh3 70. Rxh3+ Kxh3 71. Kg6 Kg4
72. Kxh6 1/2-1/2

[Event "31st Cappelle Open 2015"]
[Site "Cappelle la Grande FRA"]
[Date "2015.03.07"]
[Round "9.7"]
[White "Tazbir, Marcin"]
[Black "Stupak, Kirill"]
[Result "1-0"]
[WhiteTitle "GM"]
[BlackTitle "GM"]
[WhiteElo "2518"]
[BlackElo "2568"]
[WhiteFideId "1122452"]
[BlackFideId "13503758"]
[EventDate "2015.02.28"]

1. d4 Nf6 2. c4 e6 3. Nc3 d5 4. cxd5 Nxd5 5. Nf3 c5 6. e4 Nxc3 7. bxc3 cxd4 8.
cxd4 Bb4+ 9. Bd2 Qa5 10. Bxb4 Qxb4+ 11. Qd2 Qxd2+ 12. Kxd2 Ke7 13. Rc1 Nd7 14.
Bb5 Rd8 15. Rc7 a6 16. Ba4 b5 17. Bb3 Kf8 18. Ke3 Nf6 19. Ne5 Bd7 20. g4 Be8 21.
g5 Nd7 22. f4 Nxe5 23. fxe5 a5 24. a3 Rdc8 25. Rhc1 Bd7 26. d5 Rxc7 27. Rxc7 Ke8
28. Kd4 Kd8 29. d6 Rc8 30. Rxc8+ Kxc8 31. Kc5 Kb7 32. Bc2 Ka7 33. Bd3 b4 34.
axb4 axb4 35. Bc2 Kb8 36. Kxb4 Bc6 37. Kc5 Bd7 38. Bd3 Ba4 39. Ba6 h5 40. h4 g6
41. Kb6 Bd7 42. Bb7 1-0

[Event "31st Cappelle Open 2015"]
[Site "Cappelle la Grande FRA"]
[Date "2015.03.07"]
[Round "9.8"]
[White "Gharamian, Tigran"]
[Black "Kurajica, Bojan"]
[Result "1/2-1/2"]
[WhiteTitle "GM"]
[BlackTitle "GM"]
[WhiteElo "2651"]
[BlackElo "2492"]
[WhiteFideId "13301527"]
[BlackFideId "14400057"]
[EventDate "2015.02.28"]

1. e4 c5 2. Nf3 Nc6 3. d4 cxd4 4. Nxd4 Qb6 5. Nb3 Nf6 6. Nc3 e6 7. Qe2 Bb4 8.
Bd2 O-O 9. a3 Bxc3 10. Bxc3 e5 11. O-O-O a5 12. f4 Re8 13. Kb1 a4 14. fxe5 Nxe5
15. Nd4 d5 16. Qb5 Qc7 17. exd5 Bd7 18. d6 Qc8 19. Qe2 Bg4 20. Qe1 Bxd1 21. Qxd1
Ne4 22. Nb5 Nf2 23. Qd5 Qc6 24. Qxc6 Nxc6 25. Rg1 Rad8 26. Bc4 Ne4 27. Rd1 Rd7
28. Bd5 Kf8 29. Rf1 Nxc3+ 30. bxc3 Re5 31. c4 h5 32. Kb2 f5 33. Rd1 Ke8 34. c5
Rd8 35. Rd3 Kd7 36. Nc3 Ra8 37. Rg3 Ra5 38. Rxg7+ Kd8 39. Rxb7 Rxc5 40. Rc7 Re3
41. Bxc6 Rexc3 42. Rd7+ Kc8 43. Rc7+ Kd8 44. Rd7+ Kc8 45. Rc7+ Kd8 46. Rd7+ Kc8
47. Rc7+ Kd8 1/2-1/2

[Event "31st Cappelle Open 2015"]
[Site "Cappelle la Grande FRA"]
[Date "2015.03.07"]
[Round "9.9"]
[White "Landa, Konstantin"]
[Black "Gao, Rui"]
[Result "1-0"]
[WhiteTitle "GM"]
[BlackTitle "GM"]
[WhiteElo "2650"]
[BlackElo "2533"]
[WhiteFideId "4101685"]
[BlackFideId "8602387"]
[EventDate "2015.02.28"]

1. Nf3 Nf6 2. c4 g6 3. Nc3 d5 4. cxd5 Nxd5 5. Qb3 Nb6 6. d4 Bg7 7. Bf4 O-O 8. e3
Be6 9. Qa3 Nc6 10. Be2 a5 11. O-O Nb4 12. Rfc1 c6 13. Be5 Nc4 14. Bxc4 Bxc4 15.
Bxg7 Kxg7 16. Qa4 Bd3 17. Qb3 Bf5 18. a3 Be6 19. Qd1 Nd5 20. Na4 Bg4 21. h3 Bxf3
22. Qxf3 e6 23. Qg3 Qb8 24. Qxb8 Rfxb8 25. Rc2 h5 26. h4 Kf8 27. Kf1 Ke7 28. Ke2
Nf6 29. Rd1 Rg8 30. Rd3 Nd7 31. Rb3 Ra7 32. g3 Rd8 33. Rd3 Nf6 34. f3 Rg8 35.
Kf2 Rd8 36. e4 e5 37. Ke3 exd4+ 38. Rxd4 Rxd4 39. Kxd4 Nd7 40. Nc5 b6 41. Nd3
Kd6 42. e5+ Kc7 43. g4 f6 44. exf6 Nxf6 45. g5 Nd5 46. Ne5 Ne7 47. Nxc6 Nf5+ 48.
Ke5 Ra8 49. Ne7+ 1-0

[Event "31st Cappelle Open 2015"]
[Site "Cappelle la Grande FRA"]
[Date "2015.03.07"]
[Round "9.10"]
[White "Vovk, Andrey"]
[Black "Mastrovasilis, Athanasios"]
[Result "1-0"]
[WhiteTitle "GM"]
[BlackTitle "GM"]
[WhiteElo "2642"]
[BlackElo "2506"]
[WhiteFideId "14114470"]
[BlackFideId "4201990"]
[EventDate "2015.02.28"]

1. g3 d5 2. Bg2 c6 3. f4 g6 4. Nf3 Bg7 5. d3 Qb6 6. c3 Nd7 7. e4 dxe4 8. dxe4 e5
9. Qe2 Ngf6 10. Na3 exf4 11. Nc4 Qa6 12. Nd6+ Ke7 13. Qxa6 bxa6 14. Bxf4 Nh5 15.
Nxc8+ Rhxc8 16. Be3 Nhf6 17. O-O-O Ng4 18. Bh3 h5 19. Bf4 Nf8 20. Bd6+ Ke8 21.
Bxg4 hxg4 22. Nd2 Rd8 23. Nc4 Ne6 24. Kc2 Ng5 25. e5 Nf3 26. Rd3 f5 27. exf6
Bxf6 28. Ne3 Nd4+ 29. cxd4 Rxd6 30. Re1 Kf8 31. Nxg4 Bxd4 32. Rf3+ Kg8 33. Re7
g5 34. Rf5 Rb8 35. b3 Rb5 36. Ref7 Bg7 37. Ne3 Rh6 38. Ng4 Re6 39. Rxb5 cxb5 40.
Rxa7 Re2+ 41. Kd3 Rxa2 42. Ke4 a5 43. Kf5 Kf8 44. Kxg5 b4 45. Ra8+ Kf7 46. Ra7+
Kf8 47. Kg6 Bc3 48. Nf6 Bxf6 49. Kxf6 Rf2+ 50. Ke6 Rxh2 51. Rxa5 Rb2 52. Rf5+
Kg7 53. Rf3 Re2+ 54. Kd6 Rc2 55. Rf4 Rc3 56. Rxb4 Rxg3 57. Rb7+ Kf6 58. b4 Rd3+
59. Kc6 Ke6 60. Rh7 Rc3+ 61. Kb6 Kd6 62. b5 Rb3 63. Rh5 Rg3 64. Rh1 Kd5 65. Rc1
Rb3 66. Ka6 Kd6 67. b6 Kd7 68. b7 Ra3+ 69. Kb6 Rb3+ 70. Ka7 Ra3+ 71. Kb8 Ra2 72.
Rc7+ Kd8 73. Rc4 Kd7 74. Rd4+ 1-0

[Event "31st Cappelle Open 2015"]
[Site "Cappelle la Grande FRA"]
[Date "2015.03.07"]
[Round "9.11"]
[White "Arizmendi Martinez, Julen Luis"]
[Black "Iturrizaga Bonelli, Eduardo"]
[Result "1/2-1/2"]
[WhiteTitle "GM"]
[BlackTitle "GM"]
[WhiteElo "2522"]
[BlackElo "2640"]
[WhiteFideId "2205092"]
[BlackFideId "3901211"]
[EventDate "2015.02.28"]

1. d4 Nf6 2. c4 b6 3. Nc3 Bb7 4. Qc2 d5 5. cxd5 Nxd5 6. e4 Nxc3 7. bxc3 e5 8.
dxe5 Qe7 9. Nf3 Nd7 10. Bf4 O-O-O 11. Bc4 h6 12. O-O g5 13. Be3 g4 14. Nd4 Qxe5
15. Bxf7 Bxe4 16. Qe2 Bd6 17. g3 Bb7 18. Qxg4 h5 19. Qe6 h4 20. Nf5 hxg3 21.
fxg3 Bc5 22. Rad1 Bxe3+ 23. Nxe3 Qxc3 24. Rf2 Kb8 25. Rc2 Qa3 26. Rcd2 Bf3 27.
Rf1 Bb7 28. Rfd1 Bf3 29. Rf1 Bb7 1/2-1/2

[Event "31st Cappelle Open 2015"]
[Site "Cappelle la Grande FRA"]
[Date "2015.03.07"]
[Round "9.12"]
[White "Blomqvist, Erik"]
[Black "Azarov, Sergei"]
[Result "1/2-1/2"]
[WhiteTitle "GM"]
[BlackTitle "GM"]
[WhiteElo "2521"]
[BlackElo "2635"]
[WhiteFideId "1709437"]
[BlackFideId "13501470"]
[EventDate "2015.02.28"]

1. e4 c5 2. Nf3 d6 3. d4 cxd4 4. Nxd4 Nf6 5. Nc3 g6 6. Be3 Bg7 7. f3 O-O 8. Qd2
Nc6 9. g4 Nxd4 10. Bxd4 Qa5 11. O-O-O Be6 12. a3 Rab8 13. Kb1 Rfc8 14. h4 b5 15.
Nd5 Qxd2 16. Rxd2 Bxd5 17. exd5 a5 18. h5 Nd7 19. g5 Ne5 20. Be2 Nc4 21. Rd3 b4
22. a4 Nb6 23. b3 Rc7 24. Bf2 Rbc8 25. h6 Bh8 26. c4 bxc3 27. Bxb6 Rb7 28. Bd4
Rxb3+ 29. Kc1 Bxd4 30. Rxd4 c2 31. Kd2 c1=Q+ 32. Rxc1 Rb2+ 33. Kd1 Rxc1+ 34.
Kxc1 Rxe2 35. Rc4 f6 36. gxf6 exf6 37. Rc7 Rh2 38. Rc8+ Kf7 39. Rc7+ Kg8 40.
Rc8+ Kf7 41. Rc7+ 1/2-1/2